000
00361nam a22001577a 4500
003
MPLRDC
005
20220104123642.0
008
210129b ||||| |||| 00| 0 eng d
082
_a
411.1 ZL
100
_a
钟绫编
245
_a
健康小偏方
_c
260
_a
_b
满庭芳出版社
_c
1991
300
_b
平
650
_a
健康法
942
_c
BK
_o
411.1 ZL
999
_c
13111
_d
13101